00752nam a22002297a 4500003000500000005001700005008004100022010000900063011000900072035000900081040000900090100002800099245013300127260004000260300003100300500001100331502008500342650002300427650002100450650002400471650002700495CHAP20251016130101.0971013s1991 r 00010 d a1576 a2548 a1743 cCHAP10aGarcía Padilla, Mario aDiagnóstico de la producción de aceites esenciales de limón (Citrus aurantifolia, Swingle) en Benefrut de Colima S.A. C.V. aChapingo, Méx. :bEl autor,c1991 a123 h.b: ilus. ; gráfs. a42-100 aTesis (Ing. Agroindustrial) -- UACH. Departamento de Ingeniería Agroindustrial14aAceite de limón.14aLimónxColima.14aLimónxIndustria.14aLimónxSubproductos.